Champions NBA depuis 2000 - Statistiques

Statistiques générales
  • Ce quiz a été pris 464 fois
    158 depuis la dernière actualisation
  • Le résultat moyen est 19 sur 26
Statistiques - réponses
Année Conférence Score Équipe % Correct
2017 Ouest 4-1 Golden State Warriors
82%
2018 Ouest 4-0 Golden State Warriors
82%
2000 Ouest 4-2 Los Angeles Lakers
82%
2025 Ouest 4-3 Oklahoma City Thunder
82%
2024 Est 4-1 Boston Celtics
81%
2016 Est 4-3 Cleveland Cavaliers
80%
2001 Ouest 4-1 Los Angeles Lakers
80%
2015 Ouest 4-2 Golden State Warriors
79%
2002 Ouest 4-0 Los Angeles Lakers
79%
2023 Ouest 4-1 Denver Nuggets
78%
2020 Ouest 4-2 Los Angeles Lakers
78%
2013 Est 4-3 Miami Heat
76%
2019 Est 4-2 Toronto Raptors
75%
2012 Est 4-1 Miami Heat
74%
2022 Ouest 4-2 Golden State Warriors
73%
2021 Est 4-2 Milwaukee Bucks
73%
2003 Ouest 4-2 San Antonio Spurs
69%
2014 Ouest 4-1 San Antonio Spurs
68%
2005 Ouest 4-3 San Antonio Spurs
67%
2007 Ouest 4-0 San Antonio Spurs
65%
2009 Ouest 4-2 Los Angeles Lakers
63%
2010 Ouest 4-3 Los Angeles Lakers
62%
2008 Est 4-2 Boston Celtics
61%
2011 Ouest 4-2 Dallas Mavericks
60%
2004 Est 4-1 Detroit Pistons
59%
2006 Est 4-2 Miami Heat
57%
Aucun quiz correspondant
Distribution des résultats
% des personnes avec chaque résultat
Percentile par nombre de réponses
Votre historique - résultats
Vous n’avez pas pris ce quiz depuis la dernière actualisation